ბათუმის შოთა რუსთაველის სახელმწიფო უნივერსიტეტის ბიბლიოთეკა

კარიბჭე №23(318) 17-30 ნოემბერი 2016 (ბიბ.ჩანაწერი № 51689)

000 -LEADER
fixed length control field 00923nam a2200241Ia 4500
001 - CONTROL NUMBER
control field 18680
003 - CONTROL NUMBER IDENTIFIER
control field GE_BSU
008 - FIXED-LENGTH DATA ELEMENTS--GENERAL INFORMATION
fixed length control field 181216s||||||||xx |||||||||||||| ||und||
040 ## - CATALOGING SOURCE
Transcribing agency GE_BSU
245 ## - TITLE STATEMENT
Title კარიბჭე №23(318) 17-30 ნოემბერი 2016
245 ## - TITLE STATEMENT
Remainder of title მართლმადიდებლური ჟურნალი.
245 ## - TITLE STATEMENT
Statement of responsibility, etc. მთავარი რედაქტორი: თამარ მამაცაშვილი.
260 ## - PUBLICATION, DISTRIBUTION, ETC.
Place of publication, distribution, etc. თბილისი
260 ## - PUBLICATION, DISTRIBUTION, ETC.
Name of publisher, distributor, etc. სტ.კოლორი
260 ## - PUBLICATION, DISTRIBUTION, ETC.
Date of publication, distribution, etc. 2016
300 ## - PHYSICAL DESCRIPTION
Extent 62გვ.28სმ.
520 ## - SUMMARY, ETC.
Summary, etc. გარეკანი პირველ გვერდზე-წმინდა გიორგი
653 ## - INDEX TERM--UNCONTROLLED
Uncontrolled term კარიბჭე.
653 ## - INDEX TERM--UNCONTROLLED
Uncontrolled term პერიოდიკა
653 ## - INDEX TERM--UNCONTROLLED
Uncontrolled term რელიგია
653 ## - INDEX TERM--UNCONTROLLED
Uncontrolled term საეკლესიო ჟურნალი
942 ## - ADDED ENTRY ELEMENTS (KOHA)
Koha item type პერიოდიკა
ეგზემპლარები
Withdrawn status Lost status Damaged status Not for loan Date acquired Barcode Date last seen Price effective from Koha item type
        2018-12-17 P78090 2018-12-17 2018-12-17 პერიოდიკა